书目信息 |
| 题名: |
氧化铝生产手册
|
|
| 作者: | 阿格拉诺夫斯基 著 ;沈阳铝镁设计院氧化铝专业组 译 | |
| 分册: | ||
| 出版信息: | 北京 冶金工业出版社 1974 |
|
| 页数: | 312页 | |
| 开本: | 20cm | |
| 丛书名: | ||
| 单 册: | ||
| 中图分类: | TQ26-62 | |
| 科图分类: | ||
| 主题词: | 元素有机化合物--生产 | |
| 电子资源: | ||
| ISBN: | ||
| 000 | 00851nam0 2200229 450 | |
| 001 | 0633066686 | |
| 005 | 20060421091442.00 | |
| 010 | @dCNY1.25 | |
| 091 | @a15062.3081 | |
| 100 | @a20060421d1974 km y0chiy0120 ea | |
| 101 | 0 | @achi@crus |
| 102 | @aCN@b110000 | |
| 102 | @aCN@b110000 | |
| 200 | 1 | @a氧化铝生产手册@Ayang hua lu sheng chan shou ce@f(苏联)A·A·阿格拉诺夫斯基等著@F(su lian)A·A·a ge la nuo fu si ji deng zhu@g沈阳铝镁设计院氧化铝专业组译@Gshen yang lu mei she ji yuan yang hua lu zhuan ye zu yi |
| 210 | @a北京@c冶金工业出版社@d1974 | |
| 215 | @a312页@d20cm | |
| 606 | 0 | @a元素有机化合物@x生产 |
| 690 | @aTQ26-62@v3 | |
| 701 | 0 | @a阿格拉诺夫斯基@Aa ge la nuo fu si ji@4著 |
| 712 | 0 | @a沈阳铝镁设计院氧化铝专业组@Ashen yang lu mei she ji yuan yang hua lu zhuan ye zu@4译 |
| 801 | 0 | @aCN@bPFT@c20060421 |
| 905 | @a10447@dTQ26-62@e1 | |
| 氧化铝生产手册/(苏联)A·A·阿格拉诺夫斯基等著/沈阳铝镁设计院氧化铝专业组译.-北京:冶金工业出版社,1974 |
| 312页;20cm |
| ISBN :CNY1.25 |
| ● |
| 相关链接 |
|
|
|
|
正题名:氧化铝生产手册
索取号:TQ26-62/1
 
预约/预借
| 序号 | 登录号 | 条形码 | 馆藏地/架位号 | 状态 | 备注 |
| 1 | 0017921 | 202278212 | 密集书库/ [索取号:TQ26-62/1] | 在馆 |